000 00690nam a2200277Ia 4500
001 41046
005 20240114003403.0
007 ta
008 080204s1992 g b000 u 465 u
040 _acottonCollege,Assan
041 _a465
082 _a311
_bMe 468 St
100 _aMedhi, J .
245 0 _aStatistical Methods /
_cJ Medhi.
_hTextual Documents
250 _aIst ed /
260 _aNew Delhi :
_bNew Age Interanational (P) Ltd,Publishers ,
_c1992.
300 _a438p ;
_c24cm.
653 _aP.G-Stat
942 _2ddc
_cBK
999 _c41016
_d41016